000 00354 a2200169 4500
001 58838
020 _a978850808653
040 _cAnchieta - Pituba
100 _aAndrade, Carlos Drummond de
240 1 0 _aCrônicas
_lpor
245 1 0 _aCrônicas
300 _a86
362 0 _a2007
440 1 _aÁtica
650 4 _aLiteratura juvenil
942 _cBK
999 _c58838
_d58838